Brooklyn

Guardat en:
Dades bibliogràfiques
Autor principal: Tóibín, Colm
Format: Llibre
Publicat: Et Scrittori
Etiquetes: Afegir etiqueta
Sense etiquetes, Sigues el primer a etiquetar aquest registre!

MARC

LEADER 00000nam a22000007i 4500
001 R-941
003 CODICE-MESSINA
005 20260310134050.0
008 140124s2014 it |||||| ||||| |||||c
040 |c importazione_messina 
100 |a Tóibín, Colm 
245 0 |a Brooklyn 
260 |b Et Scrittori 
942 |2 ddc  |c BK 
952 |0 0  |1 0  |2 ddc  |4 0  |6 SCAFFALE_9_000000000000000__ROMANZI  |7 0  |9 31769  |a ME  |b ME  |d 2026-02-11  |l 0  |o SCAFFALE 9 - ROMANZI  |p R-941  |r 2026-02-11 23:52:46  |w 2026-02-11  |x [REVISIONARE]  |y BK 
999 |c 27434  |d 27434